000 01550cam a22004574i 4500
003 PE-LiUPU
005 20250731172900.0
008 150706s2012 mau r 000 0 eng d
020 _a9042927267
020 _a9789042927261
035 _a(Sirsi) a165908
040 _aPE-LiUPU
_bspa
_cPE-LiUPU
_erda
049 _aPRUA
082 0 4 _a222.206
_bB7
_221
245 0 4 _aThe Book of Joshua /
_cedited by Ed Noort.
264 1 _aWalpole, MA :bPeeters,
_c2012.
300 _axiv, 704 páginas ;
_c25 centímetros.
336 _atext
_2rdacontent
337 _aunmediated
_2rdamedia
338 _avolume
_2rdacarrier
490 0 _aBibliotheca Ephemeridum theologicarum Lovaniensium,
_x 99-0116619-5 ;
_v250
505 0 _aText, versions and terminology -- Tradition, composition and context -- History, archaeology and geography -- Crossing the Jordan -- Jericho and violence -- History of recepction.
526 _aSEG42
526 _aSEG41
526 _aSEG40
526 _aSEG39
526 _aP94
526 _aP87
526 _aP86
526 _aP85
526 _aP77
526 _aP76
526 _aP35
650 0 4 _aexégesis
_xJosué
700 1 _aNoort, Edward,
_d1944-,
_eeditor.
942 _2ddc
_cBOOK
994 _aC0
_bPEPRU
596 _a1
999 _a222.206 B7
_wLC
_c14643
_i75206
_d14643
_f2021-11-9
_g5
_lCCODEBUL1
_mBUL
_p19.95
_q2
_r0
_sY
_tBOOK
_u2017-1-9
_xTEOLOGIA
_PP85
_0COMPRA
_o.STAFF. Colección Teología
980 _81
_gALBERTO SANCHEZ Responsable de Automatización